Normal view MARC view
  • Scott, Marion M.

Entry Nombre Personal

Number of records used in: 1

001 - NUMERO DE CONTROL

  • campo de control: 54090

003 - IDENTIFICADOR DE NUMERO DE CONTROL

  • campo de control: DLC

005 - FECHA Y HORA DE LA ÜLTIMA TRANSACCIÓN

  • campo de control: 20241014103930.0

008 - DATOS DE LONGITUD FIJA

  • campo de control de longitud fija: 241014|| aca||aabn | aaa d

010 ## - NÚMERO DE CONTROL DE LA BIBLIOTECA DEL CONGRESO

  • Número de control LC: n 89658968

035 ## - NUMERO DE CONTROL

  • Número de control: (OCoLC)oca02620817

040 ## - FUENTE DE CATALOGACIÓN

  • Agencia original de catalogación: DLC
  • Lenguaje de catalogación: spa
  • Agencia de transcripción: DLC
  • Agencia que lo modifica: DLC
  • Agencia que lo modifica: IEN-Mu
  • Agencia que lo modifica: MX-MxUPN

046 ## - FECHAS CON CODIFICACIÓN ESPECIAL

  • Fecha de nacimiento: 18770716
  • Fecha de muerte: 19531224

100 1# - ENCABEZAMIENTO - NOMBRE PERSONAL

  • Nombre personal: Scott, Marion M.
  • Fuller form of name: (Marion Margaret),
  • Fechas asociadas con el nombre: 1877-1953

370 ## - LUGAR ASOCIADO

  • Fuente del término: naf
  • Place of birth: Londres, Inglaterra
  • Place of death: Londres, Inglaterra

372 ## - CAMPO DE ACTIVIDAD

  • Field of activity: Música

374 ## - OCUPACIÓN

  • Occupation: Musicóloga

670 ## - FUENTE EN LA QUE SE LOCALIZARON DATOS

  • Cita de la fuente: Autoridades LC, 14 octubre 2024 :
  • Información localizada: (Scott, Marion M. (Marion Margaret), 1877-1953)
  • Uniform Resource Identifier: https://lccn.loc.gov/n89658968

902 ## - CATALOGADOR

  • Catalogador: MaríaRobles/141024